La vida es sueño

Furkejuvvon:
Bibliográfalaš dieđut
Váldodahkki: Calderón de la Barca, Pedro
Materiálatiipa: Girji
Giella:Undetermined
Almmustuhtton: Santiago, Chile Zig-Zag 1955
Preanttus:2
Fáttát:
Fáddágilkorat: Lasit fáddágilkoriid
Eai fáddágilkorat, Lasit vuosttaš fáddágilkora!

MARC

LEADER 00000nam a2200000Ia 4500
008 170316s9999 xx 000 0 und d
040 |a cru BVZT 
090 |a 862 C-3v 
100 |a Calderón de la Barca, Pedro 
245 |a La vida es sueño 
250 |a 2 
260 |a Santiago, Chile 
260 |b Zig-Zag 
260 |c 1955 
300 |a 260 páginas 
650 |a LITERATURA ESPAÑOLA 
650 |a COMEDIA 
942 |c 15 D 
999 |c 9748  |d 9748